<?xml version="1.0" encoding="UTF-8"?>
<record
    xmlns:xsi="http://www.w3.org/2001/XMLSchema-instance"
    xsi:schemaLocation="http://www.loc.gov/MARC21/slim http://www.loc.gov/standards/marcxml/schema/MARC21slim.xsd"
    xmlns="http://www.loc.gov/MARC21/slim">

  <leader>00583cam a2200169ua 4500</leader>
  <controlfield tag="001">25211</controlfield>
  <controlfield tag="008">191129n        II  |||gr||||Z||||||hin</controlfield>
  <datafield tag="082" ind1=" " ind2=" ">
    <subfield code="a">290</subfield>
  </datafield>
  <datafield tag="245" ind1=" " ind2=" ">
    <subfield code="a">MANAB KI NIRANTAR KHUJ ( MAN`S ETERNAL QUEST)</subfield>
    <subfield code="h">Textual Documents</subfield>
  </datafield>
  <datafield tag="250" ind1=" " ind2=" ">
    <subfield code="a">5TH.</subfield>
  </datafield>
  <datafield tag="260" ind1=" " ind2=" ">
    <subfield code="a">KOLKATA:</subfield>
    <subfield code="b">YOGODA SATSANGA SOCIETY OF INDIA,</subfield>
    <subfield code="c">2018.</subfield>
  </datafield>
  <datafield tag="300" ind1=" " ind2=" ">
    <subfield code="a">550:</subfield>
    <subfield code="c">20CM.</subfield>
  </datafield>
  <datafield tag="500" ind1=" " ind2=" ">
    <subfield code="a">DONATED BOOK BY YOGODA SATSANGA SOCIETY OF INDIA, KOLKATA</subfield>
  </datafield>
  <datafield tag="653" ind1=" " ind2=" ">
    <subfield code="a">Other religions</subfield>
  </datafield>
  <datafield tag="700" ind1=" " ind2=" ">
    <subfield code="a">YOGODANANDA, SRI SRI PARAMHANSA,  </subfield>
    <subfield code="e">AUTHOR.</subfield>
  </datafield>
  <datafield tag="999" ind1=" " ind2=" ">
    <subfield code="c">28458</subfield>
    <subfield code="d">28458</subfield>
  </datafield>
  <datafield tag="952" ind1=" " ind2=" ">
    <subfield code="0">0</subfield>
    <subfield code="1">0</subfield>
    <subfield code="2">ddc</subfield>
    <subfield code="4">0</subfield>
    <subfield code="7">0</subfield>
    <subfield code="8">REFHIS</subfield>
    <subfield code="a">MAIN</subfield>
    <subfield code="b">MAIN</subfield>
    <subfield code="c">RELG</subfield>
    <subfield code="d">2019-10-17</subfield>
    <subfield code="o">290 YOG</subfield>
    <subfield code="p">43583</subfield>
    <subfield code="r">2022-10-29 00:00:00</subfield>
    <subfield code="w">2022-10-29</subfield>
    <subfield code="y">BK</subfield>
  </datafield>
</record>
